[Event "Challenge"]
[Site "http://www.queenalice.com/game.php?id=1123298"]
[Date "2012.11.17"]
[Round "-"]
[White "johndyson"]
[Black "lincolnmarley"]
[Result "1-0"]
[WhiteElo "2239"]
[BlackElo "1712"]

1. d4 Nf6 2. c4 g6 3. g3 Bg7 4. Bg2 c6 5. Nf3 d5 6. cxd5 cxd5 7. Nc3 O-O 8. Ne5
Nc6 9. O-O e6 10. Nxc6 bxc6 11. Na4 Nd7 12. Be3 Rb8 13. Rc1 Qc7 14. Bf4 e5 15.
dxe5 Bxe5 16. Bxe5 Nxe5 17. Qxd5 Rb5 18. Qxb5 1-0

[Event "Let's Play Chess!"]
[Site "http://www.queenalice.com/game.php?id=1125289"]
[Date "2012.11.23"]
[Round "-"]
[White "johndyson"]
[Black "krodo"]
[Result "1/2-1/2"]
[WhiteElo "2240"]
[BlackElo "2298"]

1. d4 Nf6 2. c4 e6 3. g3 c5 4. d5 exd5 5. cxd5 b5 6. Nf3 Bb7 7. e4 Nxe4 8. Bg2
Be7 9. O-O O-O 10. Re1 Nd6 11. Bf4 Re8 12. Nc3 Na6 13. Nd2 Bf8 14. Rxe8 Nxe8 15.
Nxb5 Nb4 16. Nc3 Ba6 17. Qa4 Qb6 18. Qxd7 Nd3 19. Na4 Qb4 20. a3 Qa5 21. Bf1
Nxf4 22. Nb3 Qc7 23. Qxc7 Nxc7 24. Bxa6 Nh3+ 25. Kg2 Nxf2 26. Kxf2 1/2-1/2

[Event "Let's Play Chess!"]
[Site "http://www.queenalice.com/game.php?id=1137559"]
[Date "2013.1.5"]
[Round "-"]
[White "johndyson"]
[Black "adelio"]
[Result "1-0"]
[WhiteElo "2243"]
[BlackElo "1764"]

1. d4 d5 2. c4 c5 3. cxd5 b5 4. dxc5 Qa5+ 5. Nd2 e5 6. c6 Bd6 7. e4 g6 8. Nf3
Bg4 9. a4 a6 10. Be2 Bxf3 11. Bxf3 Ra7 12. O-O Qc7 13. Be2 h5 14. axb5 Qb6 15.
Nc4 Qd8 16. Be3 Qc7 17. b6 Qe7 18. bxa7 Qd8 19. Nxd6+ Qxd6 20. Qb3 Ne7 21.
axb8=Q+ Qxb8 22. Qxb8+ Nc8 23. Qxc8+ Ke7 24. Qxh8 a5 25. Bc5# 1-0

[Event "K"]
[Site "http://www.queenalice.com/game.php?id=1146304"]
[Date "2013.1.28"]
[Round "-"]
[White "Kir"]
[Black "johndyson"]
[Result "1/2-1/2"]
[WhiteElo "2389"]
[BlackElo "2245"]

1. d4 d5 2. Bf4 Nf6 3. e3 c5 4. dxc5 Nc6 5. Nf3 e6 6. Bd3 Bxc5 7. Nc3 O-O 8. O-O
Re8 9. Bg5 h6 10. Bh4 a6 11. Re1 Be7 12. Qe2 b5 13. e4 Nxe4 14. Bxe4 Bxh4 15.
Bxd5 Bd7 16. Bxc6 Bxc6 17. Ne4 Be7 18. Ne5 Qc7 19. Nxc6 Qxc6 20. c3 Rad8 21.
Rad1 Rd5 22. a3 Red8 23. Rxd5 Qxd5 24. h3 1/2-1/2

[Event "Let's Play Chess!"]
[Site "http://www.queenalice.com/game.php?id=1166764"]
[Date "2013.4.1"]
[Round "-"]
[White "johndyson"]
[Black "Piazzolero"]
[Result "1-0"]
[WhiteElo "2234"]
[BlackElo "1640"]

1. d4 d5 2. c4 dxc4 3. e3 Qd5 4. Nc3 Qg5 5. Nf3 Qg6 6. Bxc4 e6 7. e4 Qxg2 8. Rg1
Qh3 9. Bf1 Qh5 10. Rg5 Qh6 11. Rc5 Qf6 12. Bg5 Qg6 13. Nh4 Bxc5 14. Nxg6 hxg6
15. dxc5 f6 16. Bf4 e5 17. Nd5 Na6 18. Bxa6 Kd7 19. Nxc7+ Ke7 20. Qd6+ Kf7 21.
Bc4+ Be6 22. Bxe6# 1-0

[Event "Let's Play Chess!"]
[Site "http://www.queenalice.com/game.php?id=1182780"]
[Date "2013.5.19"]
[Round "-"]
[White "johndyson"]
[Black "Rusty"]
[Result "1-0"]
[WhiteElo "2241"]
[BlackElo "2445"]

1. d4 d5 2. c4 dxc4 3. e3 e5 4. Bxc4 exd4 5. exd4 Bd6 6. Nf3 Nf6 7. O-O O-O 8.
h3 Nbd7 9. Nc3 h6 10. Re1 Nb6 11. Bb3 Re8 12. Bd2 c6 13. Qc2 Nbd5 14. Na4 Bd7
15. Nc5 Qc7 16. Nxd7 Qxd7 17. Ba5 Rxe1+ 18. Rxe1 Re8 19. Ne5 Qc8 20. a3 a6 21.
Qd3 Re7 22. Bd2 Qc7 23. f4 Nh7 24. g3 Qc8 25. Kg2 Nhf6 26. Re2 Bc7 27. Be1 a5
28. Kh2 Qa8 29. Bc2 Bb6 30. Bf2 h5 31. Re1 Qa7 32. Qf5 Qa8 33. Kg2 a4 34. Bd3
Qf8 35. Bc4 g6 36. Qd3 Ba5 37. Rf1 Bc7 38. Qf3 Qh6 39. Bg1 Bd6 40. h4 Qg7 41.
Bd3 Nb6 42. Re1 Nfd5 43. Be4 Re8 44. f5 gxf5 45. Qxf5 Bc7 46. Bf2 Nf6 47. Bc2
Re6 48. Bd1 Bd8 49. Kh3 Bc7 50. Bxh5 Nxh5 51. Qxh5 Nd5 52. Ng4 Rxe1 53. Bxe1 Bf4
54. Qf5 Bc1 55. Qb1 Bf4 56. Qf5 Bc1 57. Qb1 Bf4 58. Bf2 Bd6 59. Qf5 Bf8 60. h5
Be7 61. Ne5 Qf6 62. Qc8+ Bf8 63. Qxf8+ Kxf8 64. Nd7+ Ke7 65. Nxf6 Kxf6 66. Kg4
Kg7 67. Kf5 Nb6 68. Be3 Nc4 69. h6+ Kf8 70. Bf4 1-0

[Event "Let's Play Chess!"]
[Site "http://www.queenalice.com/game.php?id=1201657"]
[Date "2013.7.22"]
[Round "-"]
[White "johndyson"]
[Black "pestiferous"]
[Result "1-0"]
[WhiteElo "2238"]
[BlackElo "1950"]

1. d4 e6 2. c4 Nf6 3. g3 d5 4. Nf3 Bb4+ 5. Bd2 Be7 6. Bg2 c6 7. Qc2 O-O 8. O-O
b6 9. Rd1 Ba6 10. b3 Nbd7 11. a4 Rc8 12. a5 Bb7 13. axb6 axb6 14. Ra7 Ba8 15.
Nc3 c5 16. Bf4 dxc4 17. bxc4 cxd4 18. Rxd4 Bc5 19. Rd1 Bc6 20. Ne5 Bxg2 21. Nxd7
Ra8 22. Nxc5 Rxa7 23. Rxd8 Rxd8 24. Nxe6 fxe6 25. Kxg2 Rc8 26. Ne4 b5 27. Nxf6+
gxf6 28. c5 e5 29. Bh6 1-0

[Event "Challenge"]
[Site "http://www.queenalice.com/game.php?id=1207909"]
[Date "2013.8.14"]
[Round "-"]
[White "jeancarlo1910"]
[Black "johndyson"]
[Result "0-1"]
[WhiteElo "1930"]
[BlackElo "2235"]

1. e4 d6 2. d4 Nf6 3. Nc3 g6 4. Nf3 Bg7 5. Bg5 h6 6. Bxf6 Bxf6 7. Bd3 c6 8. e5
dxe5 9. dxe5 Bg7 10. O-O O-O 11. h3 Qb6 12. b3 Nd7 13. Rb1 Nxe5 14. Na4 Qb4 15.
Nb2 Qf4 16. Be2 Nxf3+ 17. Bxf3 Be5 18. g3 Qf6 19. Nd3 Bxh3 20. Re1 Bc3 21. Re4
Bf5 22. Rf4 e5 23. Rh4 g5 24. Rh5 e4 25. Bxe4 Bxe4 26. Qe2 Bf3 27. Rxh6 Bxe2 28.
Rxf6 Bxf6 29. Nc5 Kg7 0-1

[Event "Challenge"]
[Site "http://www.queenalice.com/game.php?id=1210396"]
[Date "2013.8.22"]
[Round "-"]
[White "snebur1956"]
[Black "johndyson"]
[Result "0-1"]
[WhiteElo "2364"]
[BlackElo "2274"]

1. e4 c6 2. d4 d5 3. Nd2 dxe4 4. Nxe4 Bf5 5. Ng3 Bg6 6. Bf4 Nf6 7. c3 Qb6 8. Qd2
Nbd7 9. h4 h6 10. Bc4 e6 11. Nf3 Be7 12. h5 Bh7 13. a4 a5 14. Ne5 Nxe5 15. Bxe5
O-O 16. O-O Ng4 17. Bf4 c5 18. Qe2 Nf6 19. Rad1 cxd4 20. Rxd4 Bc5 21. Rd2 Rfd8
22. Rfd1 Rxd2 23. Rxd2 Rd8 24. Rxd8+ Qxd8 25. Bb5 Nd5 26. Qd2 Qf6 27. Bb8 Bb6
28. Bd6 e5 29. c4 Qxd6 30. cxd5 Kf8 31. Kf1 e4 32. b3 Qe5 33. Bc4 e3 34. Qe2 g5
0-1

[Event "Challenge"]
[Site "http://www.queenalice.com/game.php?id=1210397"]
[Date "2013.8.22"]
[Round "-"]
[White "johndyson"]
[Black "snebur1956"]
[Result "1-0"]
[WhiteElo "2259"]
[BlackElo "2371"]

1. d4 Nf6 2. c4 g6 3. Nc3 d5 4. Nf3 Bg7 5. Qb3 dxc4 6. Qxc4 Nc6 7. e4 O-O 8. Be2
Bg4 9. d5 Bxf3 10. gxf3 Ne5 11. Qb3 c6 12. f4 Ned7 13. dxc6 bxc6 14. e5 Nd5 15.
Nxd5 cxd5 16. Qxd5 e6 17. Qe4 f6 18. O-O fxe5 19. fxe5 Nxe5 20. Be3 Qd5 21. Qxd5
exd5 22. Rad1 Nc4 23. Bc5 Rf7 24. Rxd5 Nxb2 25. Be3 Kh8 26. Ra5 Rc8 27. Rb1 Rc2
28. Bf1 Rcc7 29. Rb5 Na4 30. Rb8+ Rf8 31. Rxf8+ Bxf8 32. Bf4 Rc8 33. Rb7 Kg8 34.
Rxa7 1-0

[Event "Challenge"]
[Site "http://www.queenalice.com/game.php?id=1222462"]
[Date "2013.10.6"]
[Round "-"]
[White "johndyson"]
[Black "patochon"]
[Result "0-1"]
[WhiteElo "2274"]
[BlackElo "1500"]

1. d4 Nf6 2. c4 g6 3. Nc3 Bg7 4. e4 d6 5. f3 O-O 6. Be3 c5 7. Nge2 Qa5 8. Nc1
cxd4 9. Nb3 Qe5 10. Bxd4 Qf4 11. Nd5 Nxd5 12. cxd5 e5 13. Bf2 f5 14. Nd2 Bh6 15.
exf5 Qb4 16. fxg6 Bf5 17. b3 Bxg6 18. a3 Qc3 19. Rc1 Qb2 20. h3 Nd7 21. Rc4 Rac8
22. a4 Rxc4 0-1

[Event "Challenge"]
[Site "http://www.queenalice.com/game.php?id=1253810"]
[Date "2014.2.4"]
[Round "-"]
[White "Zugswang"]
[Black "johndyson"]
[Result "0-1"]
[WhiteElo "2206"]
[BlackElo "2290"]

1. e4 e6 2. d4 d5 3. Nd2 c5 4. c3 cxd4 5. cxd4 dxe4 6. Nxe4 Nf6 7. Bd3 Bd7 8.
Nxf6+ Qxf6 9. Nf3 Bb4+ 10. Bd2 Bxd2+ 11. Qxd2 Bc6 12. Be2 O-O 13. O-O Rd8 14.
Rad1 Bd5 15. b3 Nc6 16. Qe3 Qe7 17. Ne5 Nb4 18. Rd2 Rac8 19. Bd3 Nxd3 20. Qxd3
a5 21. Qg3 a4 22. bxa4 Qb4 23. Qf4 f6 24. Nd3 Qxa4 25. h4 Rc3 26. h5 Bxa2 27.
Nb2 Qa5 28. h6 Qg5 29. Qxg5 fxg5 30. hxg7 Bb3 31. Re1 Kxg7 32. Re3 Rxe3 33. fxe3
Ra8 34. Nd3 Ra2 35. Rxa2 Bxa2 36. Kf2 Bc4 37. Ne5 Bd5 38. g3 b5 39. Ke2 h5 40.
Kd3 Ba8 41. e4 h4 42. gxh4 gxh4 43. Nf3 h3 44. Nh2 Kh6 45. Ng4+ Kg5 46. Nh2 b4
47. Kc4 Bxe4 48. Kxb4 Bd3 49. Kc5 Kf4 50. d5 exd5 51. Kxd5 Kg3 0-1

[Event "OS INCLIVEIS"]
[Site "http://www.queenalice.com/game.php?id=1253817"]
[Date "2014.2.4"]
[Round "-"]
[White "adelio"]
[Black "johndyson"]
[Result "0-1"]
[WhiteElo "1760"]
[BlackElo "2289"]

1. b4 e5 2. b5 d5 3. Bb2 Nd7 4. e3 Ngf6 5. Be2 Bd6 6. h4 a6 7. h5 axb5 8. g4 O-O
9. Nc3 b4 10. Nb5 Be7 11. f4 Ne4 12. g5 c6 13. d3 Ng3 14. Rh3 Nxe2 15. Qxe2 cxb5
16. Qg2 Nc5 17. Rg3 b3 18. axb3 Rxa1+ 19. Bxa1 Qa5+ 20. Kf2 Qxa1 21. g6 Nxd3+
22. cxd3 exf4 23. gxh7+ Kxh7 24. exf4 Bc5+ 25. Kf3 Re8 26. d4 Qc3+ 27. Kf2 Qe1+
28. Kf3 Re3# 0-1

[Event "Let's Play Chess!"]
[Site "http://www.queenalice.com/game.php?id=1278791"]
[Date "2014.5.5"]
[Round "-"]
[White "igorjava"]
[Black "johndyson"]
[Result "0-1"]
[WhiteElo "1980"]
[BlackElo "2299"]

1. e4 c6 2. d4 d5 3. e5 Bf5 4. Bd3 Bxd3 5. Qxd3 e6 6. Nf3 Qa5+ 7. Bd2 Qa6 8. b3
Qxd3 9. cxd3 Ne7 10. Bb4 Na6 11. Bc5 Nxc5 12. dxc5 Ng6 13. d4 b6 14. b4 a5 15.
bxa5 bxc5 16. dxc5 Bxc5 17. O-O Nxe5 18. Nbd2 Nd7 19. Nb3 Be7 20. Nfd4 c5 21.
Nc6 Bd6 22. a6 Rxa6 23. Nba5 Bc7 24. Rfb1 Bxa5 25. Nxa5 Rxa5 26. Rb2 Ke7 27. Rb7
c4 28. a4 Rb8 29. Rxb8 Nxb8 30. Kf1 Na6 0-1

[Event "Let's Play Chess!"]
[Site "http://www.queenalice.com/game.php?id=1324057"]
[Date "2014.11.24"]
[Round "-"]
[White "johndyson"]
[Black "dnptrs"]
[Result "1-0"]
[WhiteElo "2301"]
[BlackElo "2079"]

1. d4 Nf6 2. c4 e6 3. Nf3 Bb4+ 4. Bd2 a5 5. Nc3 O-O 6. Qc2 d5 7. e3 Bxc3 8. Bxc3
Ne4 9. Rc1 Nxc3 10. Qxc3 c6 11. Bd3 dxc4 12. Qxc4 Bd7 13. Qc5 g6 14. h4 Na6 15.
Bxa6 Rxa6 16. h5 Re8 17. hxg6 hxg6 18. Qe5 f6 19. Qh2 1-0

[Event "Let's Play Chess!"]
[Site "http://www.queenalice.com/game.php?id=1325537"]
[Date "2014.12.1"]
[Round "-"]
[White "johndyson"]
[Black "Piotrek"]
[Result "1-0"]
[WhiteElo "2316"]
[BlackElo "1419"]

1. e4 e5 2. Nf3 d6 3. d4 exd4 4. Nxd4 c5 5. Bb5+ Bd7 6. Bxd7+ Nxd7 7. Nf5 g6 8.
Nxd6+ Bxd6 9. Qxd6 Ngf6 10. Nc3 b5 11. e5 Ng4 12. O-O 1-0

[Event "Challenge"]
[Site "http://www.queenalice.com/game.php?id=1325538"]
[Date "2014.12.1"]
[Round "-"]
[White "Zugswang"]
[Black "johndyson"]
[Result "0-1"]
[WhiteElo "2183"]
[BlackElo "2306"]

1. e4 c6 2. d4 d5 3. e5 Bf5 4. g4 Be4 5. f3 Bg6 6. h4 h5 7. g5 e6 8. Bd3 Bxd3 9.
Qxd3 Ne7 10. Ne2 Nf5 11. Bf4 c5 12. c3 Nc6 13. Qb5 a6 14. Qd3 Qb6 15. b3 cxd4
16. Nxd4 Nfxd4 17. cxd4 Rc8 18. Be3 Nb4 0-1

[Event "Let's Play Chess!"]
[Site "http://www.queenalice.com/game.php?id=1329792"]
[Date "2014.12.21"]
[Round "-"]
[White "johndyson"]
[Black "Ruusgugg"]
[Result "1-0"]
[WhiteElo "2314"]
[BlackElo "1428"]

1. e4 h5 2. d4 h4 3. Nc3 h3 4. Nxh3 Nc6 5. d5 Ne5 6. f4 Ng6 7. Ng5 Nh6 8. f5 Ne5
9. Bf4 f6 10. Qh5+ Nef7 11. Ne6 dxe6 12. dxe6 Qd4 13. Rd1 Qb4 14. Bxh6 g6 15.
exf7+ Kxf7 16. Qxg6# 1-0

[Event "Let's Play Chess!"]
[Site "http://www.queenalice.com/game.php?id=1333341"]
[Date "2015.1.8"]
[Round "-"]
[White "tucuman"]
[Black "johndyson"]
[Result "0-1"]
[WhiteElo "1641"]
[BlackElo "2318"]

1. e4 c6 2. d4 d5 3. e5 Bf5 4. Nc3 e6 5. a3 a6 6. h3 c5 7. Be3 cxd4 8. Bxd4 Nc6
9. Nf3 Be4 10. Be2 Nge7 11. O-O Nf5 12. Nxe4 dxe4 13. c3 exf3 14. Bxf3 Qc7 15.
Bxc6+ Qxc6 16. b4 Be7 17. Re1 O-O 18. Qd3 Rfd8 19. Qe4 Rd5 20. Red1 Rad8 21. Qf3
Bf8 22. Rac1 Nxd4 23. cxd4 Rxd4 24. Rxc6 Rxd1+ 25. Kh2 bxc6 26. Qxc6 R8d2 27. f4
Rf1 28. h4 Rxf4 29. h5 Rh4+ 30. Kg3 Rxh5 31. Qxa6 Rg5+ 32. Kf3 Rdxg2 33. b5
R5g3+ 34. Kf4 Rh3 35. b6 g5+ 36. Ke4 Rg4# 0-1

[Event "Let's Play Chess!"]
[Site "http://www.queenalice.com/game.php?id=1334669"]
[Date "2015.1.13"]
[Round "-"]
[White "johndyson"]
[Black "michas"]
[Result "1-0"]
[WhiteElo "2317"]
[BlackElo "1698"]

1. d4 Nf6 2. c4 b6 3. Nc3 Bb7 4. Qc2 e6 5. e4 d5 6. cxd5 exd5 7. e5 Ne4 8. Nh3
Nxc3 9. bxc3 Nc6 10. Bd3 Be7 11. Bxh7 g6 12. Bxg6 fxg6 13. Qxg6+ Kd7 14. Qf5+
Ke8 15. e6 Bf6 16. Qg6+ Ke7 17. Ba3+ Nb4 18. Bxb4+ c5 19. dxc5 Kxe6 20. c6 Bxc6
21. Ng5+ Kd7 22. Qf5+ Kc7 23. Ne6+ 1-0

[Event "Challenge"]
[Site "http://www.queenalice.com/game.php?id=1339322"]
[Date "2015.2.5"]
[Round "-"]
[White "masam2014"]
[Black "johndyson"]
[Result "1-0"]
[WhiteElo "1461"]
[BlackElo "2319"]

1. d4 d5 2. c4 c6 3. e3 Nf6 4. Nc3 Bf5 5. cxd5 cxd5 6. a3 Nc6 7. Bb5 e6 8. Bxc6+
bxc6 9. Nf3 Qb6 10. b4 a5 11. bxa5 Qxa5 12. Bd2 Qa6 13. Qe2 Bd3 14. Qd1 Bd6 15.
a4 O-O 16. Ne5 Bxe5 17. dxe5 Nd7 18. f4 1-0